Formes de Pokémon aléatoires - Gen 1 - Statistiques

Statistiques générales
  • Ce quiz a été pris 2 050 fois
  • Le résultat moyen est 17 sur 20
Statistiques - réponses
Par images Réponse % Correct
Évoli
96%
Pikachu
96%
Rattata
96%
Carabaffe
95%
Ronflex
95%
Goupix
94%
Miaouss
94%
Racaillou
94%
Salamèche
94%
Aquali
93%
Bulbizarre
93%
Carapuce
93%
Dracaufeu
93%
Smogogo
93%
Stari
93%
Aspicot
92%
Draco
92%
Léviator
92%
Mew
92%
Onix
92%
Raichu
92%
Tauros
92%
Tortank
92%
Voltali
92%
Arcanin
91%
Doduo
91%
Feunard
91%
Magnéti
91%
Métamorph
91%
Minidraco
91%
Reptincel
91%
Rondoudou
91%
Smogo
91%
Abo
90%
Caninos
90%
Dracolosse
90%
Florizarre
90%
Machoc
90%
Rattatac
90%
Abra
89%
Canarticho
89%
Galopa
89%
Magicarpe
89%
Mewtwo
89%
Mystherbe
89%
Nidoran ♂
89%
Pyroli
89%
Sulfura
89%
Taupiqueur
89%
Chenipan
88%
Insécateur
88%
Papillusion
88%
Ptéra
88%
Tentacruel
88%
Artikodin
87%
Férosinge
87%
Grolem
87%
Mélofée
87%
Nosférapti
87%
Ossatueur
87%
Piafabec
87%
Ponyta
87%
Porygon
87%
Tadmorv
87%
Herbizarre
86%
Lippoutou
86%
Machopeur
86%
Persian
86%
Sabelette
86%
Tentacool
86%
Boustiflor
85%
Chrysacier
85%
Dodrio
85%
Fantominus
85%
Leveinard
85%
Osselait
85%
Voltorbe
85%
Akwakwak
84%
Alakazam
84%
Ectoplasma
84%
Nidorina
84%
Ramoloss
84%
Roucoups
84%
Spectrum
84%
Arbok
83%
Excelangue
83%
Gravalanch
83%
Grotadmorv
83%
Kadabra
83%
Krabby
83%
Nidoran ♀
83%
Paras
83%
Sablaireau
83%
Triopikeur
83%
Chétiflor
82%
Coconfort
82%
Grodoudou
82%
Magmar
82%
Magnéton
82%
Nidorino
82%
Ptitard
82%
Scarabrute
82%
Tygnon
82%
Flagadoss
81%
Nidoking
81%
Roucool
81%
Électrode
80%
Kabuto
80%
Mackogneur
80%
Nidoqueen
80%
Colossinge
79%
Krabboss
79%
Mélodelfe
79%
Lokhlass
78%
Noadkoko
78%
Poissirène
78%
Tartard
78%
Kabutops
77%
Nosféralto
77%
Otaria
77%
Psykokwak
77%
Rapasdepic
77%
Roucarnage
77%
Staross
77%
Kicklee
76%
Hypocéan
75%
Noeunoeuf
75%
Électhor
74%
Lamantine
74%
Mimitoss
74%
Parasect
74%
Crustabri
73%
Élektek
73%
Kangourex
73%
Ortide
73%
Rafflésia
73%
Soporifik
73%
Tétarte
72%
Empiflor
71%
M. Mime
71%
Amonita
70%
Dardargnan
70%
Rhinocorne
70%
Amonistar
69%
Poissoroy
69%
Hypnomade
67%
Hypotrempe
66%
Rhinoféros
63%
Aéromite
58%
Kokiyas
58%
Saquedeneu
40%
Aucun quiz correspondant
Distribution des résultats
% des personnes avec chaque résultat
Percentile par nombre de réponses
Votre historique - résultats
Vous n’avez pas pris ce quiz